Czyj to cytat? [wersja piłkarska] - Statystyki

Ogólne statystyki
  • Ten quiz został rozwiązany 102 razy
  • Średni wynik to 8 z 15
Statystyki odpowiedzi
Podpowiedź Odpowiedź % Poprawnych
Pieniądze nie przekonają mnie do odejścia z Barcelony. Odejdę tylko wtedy, gdy Klub będzie tego chciał. Lionel Messi
84%
Trochę to była głowa, trochę ręka Boga. Diego Armando Maradona
81%
Nie jestem najlepszym trenerem na świecie, ale lepszego ode mnie nie ma. Jose Mourinho
76%
Piłka jest okrągła, a bramki są dwie, albo my wygramy, albo oni. Kazimierz Górski
73%
Fatalny to ty jesteś, następne pytanie proszę. Michał Kucharczyk
73%
Myślę, że warto podać zwycięski skład Kaiserslautern z meczu z Bayernem w sezonie 97/98: Renke, Kadlec, H. Koch (31. Hristov), Kuka, Marschall, Ratinho (75. Reich), Roos, Schjönberg, Schäfer, Sforza, M. Wagner. Tomasz Hajto
69%
Kiedy słyszę, że nie gram dobrze z wielkimi drużynami, nie złości mnie to, bo wiem, że i tak jestem najlepszy. Cristiano Ronaldo
61%
Piłka nożna to taka gra, w której 22 mężczyzn biega za piłką, a na końcu i tak wygrywają Niemcy. Gary Lineker
55%
"Oni śmieją się z mojego nosa, ja śmieje się z ich wypłat." Zlatan Ibrahimović
49%
„Wydałem dużo pieniędzy na wódę, kobiety i szybkie samochody – resztę po prostu roztrwoniłem.” George Best
45%
Kaziu, jak się zdenerwujesz, to daj, ja strzelę Zbigniew Boniek
38%
„Kiełbasy do góry i golimy frajerów”! Janusz Wójcik
26%
„Nie jestem żadnym Mesjaszem. Lubię o coś walczyć: albo o spadek, albo o mistrzostwo. Lepiej o mistrzostwo, ale o spadek też jest adrenalina. Mnie to jest potrzebne” Franciszek Smuda
21%
"To pier****** hańba! Nie masz u mnie szacunku. To nie mogło się zdarzyć" Didier Drogba
13%
Nie zawsze byłem tylko cichym dzieckiem i grzecznym chłopcem. Jako dziecko robi się przecież czasem głupstwa. Nauczycielka postawiła mi zły stopień. Byłem wściekły i jakoś tak wyszło, że rzuciłem w nią całą ławką. Robert Lewandowski
13%
Nie znaleziono quizów pasujących do podanych kryteriów
Rozkład punktacji
Procent ludzi z każdym wynikiem
Percentyl według liczby udzielonych odpowiedzi
Twoja historia wyników
Nie rozwiązałeś tego quizu